| 000 | 01073nam a2200193 4500 | ||
|---|---|---|---|
| 999 |
_c63824 _d63824 |
||
| 003 | Ge_BSU | ||
| 005 | 20260128192648.0 | ||
| 008 | 260128s1992 ge ||||| |||| 00| 0 geo d | ||
| 041 | _ageo | ||
| 080 | _a330.1(075.8) ე-49 | ||
| 245 |
_aეკონომიკური თეორიის საფუძვლები. ნაწ. 1 / _cთსუ, პოლიტ. ეკონომიის კათედრ; [ავტ. კოლ.: გ. ადეიშვილი და სხვ.] |
||
| 264 |
_aთბილისი : _bთბილ. უნ-ტის გამ-ბა, _c1992. |
||
| 300 |
_a330 გვ.; _b20 სმ. |
||
| 504 | _aბიბლიოგრაფია: გვ. 326. | ||
| 653 | _aეკონომიკის თეორია | ||
| 700 |
_aადეიშვილი, გ. _eავტორი _926748 |
||
| 710 |
_aთბილისის სახელმწიფო უნივერსიტეტი. _bპოლიტიკური ეკონომიის კათედრა. _926749 |
||
| 942 |
_2udc _cᲬᲘᲒᲜᲘ |
||